[Event "11th Boris Kostic mem"]
[Site "Vrsac"]
[EventDate "1985.09.23"]
[Date "1985.09.23"]
[Round "1"]
[White "Rukavina, Josip"]
[Black "Cebalo, Miso"]
[Result "1/2-1/2"]
[WhiteElo "2510"]
[BlackElo "2550"]
[PlyCount "124"]
[Source "Perpetual Check"]

1. g3 g6 2. Bg2 Bg7 3. d4 Nf6 4. e4 d6 5. Nc3 O-O 6. Nge2 Nbd7 7. h3 c5 8. Be3
cxd4 9. Bxd4 Ne5 10. f4 Nc6 11. Bf2 Be6 12. O-O Rc8 13. Re1 a6 14. Nd5 Nd7 15.
c3 Re8 16. Qd2 a5 17. c4 Nb4 18. Rec1 Nc5 19. Nxb4 axb4 20. Nd4 Bd7 21. Re1 e5
22. fxe5 dxe5 23. Nc2 Be6 24. Qxd8 Rexd8 25. Nxb4 Bxc4 26. Rac1 Nd3 27. Nxd3
Bxd3 28. Bb6 Bh6 29. Rxc8 Rxc8 30. Bf1 Bxf1 31. Kxf1 Rc4 32. Re2 f6 33. Kf2 Kf7
34. Kf3 Ke6 35. Be3 Bf8 36. g4 Bb4 37. Bd2 Bd6 38. Be1 Rc1 39. Bd2 Rd1 40. Bc3
Bc5 41. Rd2 Rh1 42. Kg2 Rg1+ 43. Kh2 Ra1 44. Rd5 b6 45. a3 Rf1 46. Rd2 Rf3 47.
Re2 h5 48. Kg2 Rd3 49. a4 Be3 50. Rc2 Kd7 51. a5 bxa5 52. Bxa5 Bf4 53. gxh5
gxh5 54. b4 Rg3+ 55. Kf1 Rxh3 56. Rc7+ Kd6 57. b5 Rb3 58. Rc6+ Ke7 59. b6 h4
60. Rc7+ Ke6 61. b7 h3 62. Rc6+ Kd7 1/2-1/2

[Event "11th Boris Kostic mem"]
[Site "Vrsac"]
[EventDate "1985.09.23"]
[Date "1985.09.23"]
[Round "1"]
[White "Drasko, Milan"]
[Black "Morovic Fernandez, Ivan"]
[Result "1/2-1/2"]
[WhiteElo "2485"]
[BlackElo "2470"]
[PlyCount "50"]
[Source "Perpetual Check"]

1. Nf3 Nf6 2. c4 e6 3. Nc3 d5 4. d4 Be7 5. Bg5 O-O 6. Qc2 Nbd7 7. Rd1 c6 8. e3
a6 9. cxd5 exd5 10. Bd3 Re8 11. O-O Nf8 12. h3 Be6 13. Ne5 N6d7 14. Bxe7 Rxe7
15. f4 f6 16. Nf3 Bf7 17. Qf2 Qc7 18. Nh4 g6 19. g4 Rae8 20. Rfe1 c5 21. Bf1
cxd4 22. Rxd4 Qc5 23. Qd2 Nb6 24. b4 Qc7 25. Ng2 Kg7 1/2-1/2

[Event "11th Boris Kostic mem"]
[Site "Vrsac"]
[EventDate "1985.09.23"]
[Date "1985.09.24"]
[Round "2"]
[White "Gavrikov, Viktor"]
[Black "Barlov, Dragan"]
[Result "1/2-1/2"]
[WhiteElo "2570"]
[BlackElo "2450"]
[PlyCount "106"]
[Source "Perpetual Check"]

1. Nf3 Nf6 2. c4 e6 3. g3 a6 4. Nc3 d5 5. cxd5 exd5 6. d4 Be7 7. Bg2 O-O 8. O-O
c6 9. Qb3 Ne4 10. Nxe4 dxe4 11. Nd2 Qxd4 12. Nxe4 Qb4 13. Qxb4 Bxb4 14. Bf4 Re8
15. Rfd1 Bf5 16. Nd6 Bxd6 17. Rxd6 Nd7 18. e4 Be6 19. Rad1 Nf8 20. a3 f5 21.
exf5 Bxf5 22. Be3 Be4 23. R1d4 Bxg2 24. Kxg2 Rac8 25. Rb4 Rc7 26. Rd3 Rf7 27.
f4 h6 28. Bc5 Nh7 29. Rbd4 Nf6 30. Rd8 Rxd8 31. Rxd8+ Kh7 32. Bd4 Nd5 33. Kf3
h5 34. Be5 Nb6 35. Ke4 Nd7 36. Bd4 Kg6 37. h3 Re7+ 38. Kf3 Kf7 39. g4 hxg4+ 40.
hxg4 Nf6 41. f5 Ne4 42. Kf4 Nf6 43. g5 Nd5+ 44. Kf3 g6 45. f6 Re8 46. Rd7+ Ke6
47. Rxb7 Rh8 48. Bc5 Rh4 49. Kg3 Rh5 50. f7 Rxg5+ 51. Kh4 Rh5+ 52. Kg4 Nf6+ 53.
Kf3 Rf5+ 1/2-1/2

[Event "11th Boris Kostic mem"]
[Site "Vrsac"]
[EventDate "1985.09.23"]
[Date "1985.09.24"]
[Round "2"]
[White "Matulovic, Milan"]
[Black "Kapelan, Milorad"]
[Result "1-0"]
[WhiteElo "2445"]
[BlackElo "2305"]
[PlyCount "43"]
[Source "Perpetual Check"]

1. e4 e5 2. Nf3 Nf6 3. Nxe5 d6 4. Nf3 Nxe4 5. c4 Be7 6. d4 O-O 7. Bd3 d5 8. O-O
Nc6 9. Re1 Bf5 10. cxd5 Qxd5 11. Nc3 Nxc3 12. bxc3 Rfe8 13. Bf4 Bxd3 14. Qxd3
Qd7 15. Rab1 b6 16. d5 Rad8 17. c4 Bf6 18. Bg5 Nb4 19. Qd2 a5 20. Bxf6 gxf6 21.
a3 Na6 22. Qf4 1-0

[Event "11th Boris Kostic mem"]
[Site "Vrsac"]
[EventDate "1985.09.23"]
[Date "1985.09.24"]
[Round "2"]
[White "Morovic Fernandez, Ivan"]
[Black "Martinovic, Slobodan"]
[Result "1/2-1/2"]
[WhiteElo "2470"]
[BlackElo "2460"]
[PlyCount "37"]
[Source "Perpetual Check"]

1. e4 c5 2. Nf3 d6 3. d4 cxd4 4. Nxd4 Nf6 5. Nc3 a6 6. f4 Qc7 7. Be2 e6 8. O-O
Be7 9. Kh1 O-O 10. a4 Nc6 11. Be3 Re8 12. Bd3 Nxd4 13. Bxd4 e5 14. Be3 Bg4 15.
Qd2 exf4 16. Bd4 Be6 17. Qxf4 Qa5 18. Qg3 Nh5 19. Qf3 1/2-1/2

[Event "11th Boris Kostic mem"]
[Site "Vrsac"]
[EventDate "1985.09.23"]
[Date "1985.09.24"]
[Round "2"]
[White "Velimirovic, Dragoljub"]
[Black "Rukavina, Josip"]
[Result "1-0"]
[WhiteElo "2530"]
[BlackElo "2510"]
[PlyCount "126"]
[Source "Perpetual Check"]

1. e4 e5 2. Nf3 Nf6 3. d3 Nc6 4. Be2 Be7 5. Nbd2 O-O 6. c3 d5 7. O-O Re8 8. Re1
Bf8 9. Bf1 g6 10. b4 a6 11. Bb2 Bg7 12. a4 dxe4 13. dxe4 Nh5 14. Nc4 Qxd1 15.
Rexd1 Bg4 16. b5 Nd8 17. bxa6 bxa6 18. Ba3 Nf4 19. Ncd2 Bd7 20. Bc5 Nb7 21. Be3
Bc6 22. Ne1 Bf8 23. a5 Nd6 24. f3 Nb5 25. Rdc1 Bh6 26. Kf2 Kg7 27. Nc2 Red8 28.
Nb4 Be8 29. Nc4 f6 30. Na3 c6 31. Nc4 Ne6 32. Nb6 Bxe3+ 33. Kxe3 Ra7 34. Nd3 c5
35. g3 Rc7 36. Nb2 Rb7 37. N2a4 Rbb8 38. Bc4 Nbc7 39. Rd1 Bc6 40. Bd5 Bb5 41.
Rd2 Kf8 42. Rad1 Ke7 43. Bb3 Rxd2 44. Rxd2 Rd8 45. Rxd8 Kxd8 46. Nb2 Ke7 47.
Bd5 Nd8 48. Nd3 Nce6 49. c4 Bd7 50. f4 exf4+ 51. gxf4 f5 52. e5 h6 53. h4 Be8
54. Nc8+ Kf8 55. Nd6 Bc6 56. h5 Kg7 57. Nc8 Ba4 58. hxg6 Bc2 59. Ne1 Bb1 60.
Ne7 Kf8 61. Nc6 Nxc6 62. Bxc6 Kg7 63. Bd7 Nc7 1-0

[Event "11th Boris Kostic mem"]
[Site "Vrsac"]
[EventDate "1985.09.23"]
[Date "1985.09.25"]
[Round "3"]
[White "Rukavina, Josip"]
[Black "Gavrikov, Viktor"]
[Result "1/2-1/2"]
[WhiteElo "2510"]
[BlackElo "2570"]
[PlyCount "57"]
[Source "Perpetual Check"]

1. Nf3 g6 2. d4 Nf6 3. g3 Bg7 4. Bg2 O-O 5. O-O c6 6. c4 d6 7. Nc3 Qa5 8. h3
Qa6 9. Qb3 Nbd7 10. e4 e5 11. Rd1 exd4 12. Nxd4 Nc5 13. Qc2 Qxc4 14. b3 Qb4 15.
a3 Qb6 16. Be3 Qc7 17. b4 Ncd7 18. Na4 a6 19. Rac1 Re8 20. Nb3 Bf8 21. Bd4 Qd8
22. Re1 Nh5 23. Rcd1 Qg5 24. Be3 Qf6 25. Bd4 Qe6 26. Kh2 Ne5 27. Nb6 Rb8 28.
Qc3 g5 29. Nd2 1/2-1/2

[Event "11th Boris Kostic mem"]
[Site "Vrsac"]
[EventDate "1985.09.23"]
[Date "1985.09.25"]
[Round "3"]
[White "Martinovic, Slobodan"]
[Black "Cebalo, Miso"]
[Result "0-1"]
[WhiteElo "2460"]
[BlackElo "2550"]
[PlyCount "64"]
[Source "Perpetual Check"]

1. e4 c5 2. Nf3 d6 3. c3 Nf6 4. Bd3 Nc6 5. Bc2 Bg4 6. d3 e6 7. Nbd2 Be7 8. h3
Bh5 9. Nf1 d5 10. Qe2 h6 11. Ng3 Bg6 12. Nh2 h5 13. h4 Qc7 14. f4 c4 15. dxc4
Nxe4 16. Nxe4 Bxe4 17. Bxe4 Bxh4+ 18. Kf1 dxe4 19. Qxe4 Ne7 20. Nf3 Nf5 21. Rh3
Bf6 22. c5 h4 23. Qa4+ Kf8 24. g4 Ng3+ 25. Kf2 Be7 26. Be3 Bxc5 27. Nxh4 Kg8
28. Re1 b5 29. Qxb5 Qxf4+ 30. Kg2 Bxe3 31. Rxg3 Qf2+ 32. Kh3 Rxh4+ 0-1

[Event "11th Boris Kostic mem"]
[Site "Vrsac"]
[EventDate "1985.09.23"]
[Date "1985.09.25"]
[Round "3"]
[White "Cvitan, Ognjen"]
[Black "Morovic Fernandez, Ivan"]
[Result "1/2-1/2"]
[WhiteElo "2450"]
[BlackElo "2470"]
[PlyCount "56"]
[Source "Perpetual Check"]

1. Nf3 Nf6 2. c4 e6 3. g3 d5 4. d4 Be7 5. Bg2 O-O 6. O-O dxc4 7. Qc2 a6 8. a4
Bd7 9. Ne5 Bc6 10. Nxc6 Nxc6 11. e3 Na5 12. Nd2 Nd5 13. Nxc4 Nxc4 14. Qxc4 a5
15. Qb3 Qd7 16. e4 Nb4 17. Be3 c6 18. Rad1 Rad8 19. Rd2 Qc7 20. Rc1 Rd7 21. Qc4
Qd8 22. Rcd1 Bg5 23. f4 Bf6 24. Bf3 Re8 25. h4 g6 26. h5 Bg7 27. hxg6 hxg6 28.
Kf2 Qe7 1/2-1/2

[Event "11th Boris Kostic mem"]
[Site "Vrsac"]
[EventDate "1985.09.23"]
[Date "1985.09.25"]
[Round "3"]
[White "Kapelan, Milorad"]
[Black "Gurevich, Mikhail"]
[Result "1/2-1/2"]
[WhiteElo "2305"]
[BlackElo "2500"]
[PlyCount "88"]
[Source "Perpetual Check"]

1. Nf3 Nf6 2. c4 g6 3. g3 Bg7 4. Bg2 O-O 5. O-O d6 6. d4 Nc6 7. Nc3 e5 8. dxe5
Nxe5 9. Nxe5 dxe5 10. Bg5 Qxd1 11. Raxd1 c6 12. b3 h6 13. Bc1 Re8 14. Ba3 Bf8
15. Bxf8 Kxf8 16. Rd6 Ke7 17. Rfd1 Be6 18. Ne4 Nxe4 19. Bxe4 a5 20. a4 Rec8 21.
f4 exf4 22. gxf4 Rc7 23. Kf2 Ra6 24. Bc2 Rb6 25. e4 Rd7 26. Rxd7+ Bxd7 27. Ke3
Rb4 28. Rd4 f6 29. h4 g5 30. hxg5 hxg5 31. fxg5 fxg5 32. Bd1 Rb6 33. Rd2 c5 34.
Rh2 Rf6 35. Rh5 Rf1 36. Be2 Rg1 37. Kf2 Rb1 38. Rxg5 Rxb3 39. Rxc5 b6 40. Re5+
Kf6 41. Rd5 Bxa4 42. c5 b5 43. c6 Rc3 44. Bxb5 Bxb5 1/2-1/2

[Event "11th Boris Kostic mem"]
[Site "Vrsac"]
[EventDate "1985.09.23"]
[Date "1985.09.26"]
[Round "4"]
[White "Gavrikov, Viktor"]
[Black "Matulovic, Milan"]
[Result "1/2-1/2"]
[WhiteElo "2570"]
[BlackElo "2445"]
[PlyCount "25"]
[Source "Perpetual Check"]

1. e4 c6 2. d4 d5 3. exd5 cxd5 4. c4 Nf6 5. Nc3 Nc6 6. Bg5 Qa5 7. Qd2 Bf5 8.
Bxf6 exf6 9. cxd5 Nb4 10. Bb5+ Kd8 11. Kf1 Nxd5 12. Nge2 Bb4 13. Bd3 1/2-1/2

[Event "11th Boris Kostic mem"]
[Site "Vrsac"]
[EventDate "1985.09.23"]
[Date "1985.09.26"]
[Round "4"]
[White "Morovic Fernandez, Ivan"]
[Black "Kapelan, Milorad"]
[Result "1-0"]
[WhiteElo "2470"]
[BlackElo "2305"]
[PlyCount "57"]
[Source "Perpetual Check"]

1. d4 d5 2. Nf3 e6 3. c4 Nf6 4. Nc3 Be7 5. Bf4 O-O 6. e3 b6 7. cxd5 Nxd5 8.
Nxd5 exd5 9. Bd3 Bb4+ 10. Kf1 Bd6 11. Ne5 Ba6 12. Bxa6 Nxa6 13. Qa4 Nb8 14. Rc1
Qe8 15. Qxe8 Rxe8 16. Nd3 Bxf4 17. Nxf4 c6 18. Ke2 Kf8 19. h4 Ke7 20. Rh3 Kd6
21. Nh5 g6 22. Nf6 Rh8 23. Rf3 h5 24. g4 hxg4 25. Nxg4 Nd7 26. Rxf7 Raf8 27.
Rxd7+ Kxd7 28. Ne5+ Kc7 29. Nxg6 1-0

[Event "11th Boris Kostic mem"]
[Site "Vrsac"]
[EventDate "1985.09.23"]
[Date "1985.09.26"]
[Round "4"]
[White "Cebalo, Miso"]
[Black "Cvitan, Ognjen"]
[Result "0-1"]
[WhiteElo "2550"]
[BlackElo "2450"]
[PlyCount "40"]
[Source "Perpetual Check"]

1. d4 Nf6 2. Nf3 g6 3. Bf4 Bg7 4. e3 O-O 5. Be2 d6 6. h3 c5 7. Nbd2 Nc6 8. c3
cxd4 9. exd4 e5 10. dxe5 dxe5 11. Nxe5 Nd5 12. Nxc6 bxc6 13. Bg3 Re8 14. O-O
Bxc3 15. Nc4 Bxb2 16. Rb1 Nc3 17. Qxd8 Nxe2+ 18. Kh2 Rxd8 19. Rxb2 Ba6 20. Rc2
Rd4 0-1

[Event "11th Boris Kostic mem"]
[Site "Vrsac"]
[EventDate "1985.09.23"]
[Date "1985.09.28"]
[Round "5"]
[White "Martinovic, Slobodan"]
[Black "Rukavina, Josip"]
[Result "0-1"]
[WhiteElo "2460"]
[BlackElo "2510"]
[PlyCount "118"]
[Source "Perpetual Check"]

1. d4 d6 2. c4 e5 3. Nc3 exd4 4. Qxd4 Nc6 5. Qd2 Nf6 6. g3 Be6 7. e4 Qe7 8. f3
Rd8 9. Nd5 Bxd5 10. cxd5 Ne5 11. Bg2 g6 12. Ne2 Bg7 13. O-O O-O 14. Nc3 c6 15.
b3 cxd5 16. exd5 Qc7 17. Bb2 Rfe8 18. h3 Qb6+ 19. Kh2 Ned7 20. Rfe1 Rxe1 21.
Rxe1 Re8 22. Rxe8+ Nxe8 23. f4 Nc5 24. Qe2 Kf8 25. Qc4 Qa6 26. Qxa6 Nxa6 27.
Nd1 Bxb2 28. Nxb2 Nb4 29. a3 Nc2 30. a4 Ke7 31. Nc4 Kd7 32. g4 Nd4 33. b4 Ne2
34. f5 g5 35. Bf3 Nc3 36. a5 Nc7 37. Ne3 Ke7 38. h4 h6 39. hxg5 hxg5 40. Kg3
Na6 41. Nc2 Kf6 42. Kf2 Ke5 43. Ke3 Nc7 44. Kd3 N3xd5 45. Kc4 b5+ 46. Kd3 Na6
47. Bxd5 Kxd5 48. Kc3 Nb8 49. Nd4 a6 50. Nf3 f6 51. Nd4 Nd7 52. Ne6 Ne5 53.
Nc7+ Kc6 54. Ne8 Nxg4 55. Kd4 Kd7 56. Ng7 Nh6 57. Ke4 Nf7 58. Nh5 Ke7 59. Kd5
Ne5 0-1

[Event "11th Boris Kostic mem"]
[Site "Vrsac"]
[EventDate "1985.09.23"]
[Date "1985.09.29"]
[Round "6"]
[White "Cebalo, Miso"]
[Black "Barlov, Dragan"]
[Result "1-0"]
[WhiteElo "2550"]
[BlackElo "2450"]
[PlyCount "71"]
[Source "Perpetual Check"]

1. d4 Nf6 2. c4 c5 3. d5 b5 4. Nf3 b4 5. b3 d6 6. Nbd2 e5 7. e4 g6 8. a3 Nbd7
9. Be2 Bh6 10. O-O O-O 11. Qc2 Nh5 12. g3 Ng7 13. Ne1 bxa3 14. Nb1 Bxc1 15.
Qxc1 f5 16. Nc3 fxe4 17. Nxe4 Nf6 18. f3 Bh3 19. Ng2 Nf5 20. Bd3 Nd4 21. Qxa3
Nh5 22. b4 cxb4 23. Qxb4 Nxf3+ 24. Kh1 Rb8 25. Qa3 Nd4 26. Rxf8+ Qxf8 27. Rf1
Qe7 28. c5 dxc5 29. d6 Qd7 30. Qxc5 Bxg2+ 31. Kxg2 Rb2+ 32. Kg1 Qh3 33. Bc4+
Ne6 34. Nf2 Qf5 35. Qc8+ Kg7 36. Bxe6 1-0

[Event "11th Boris Kostic mem"]
[Site "Vrsac"]
[EventDate "1985.09.23"]
[Date "1985.09.30"]
[Round "7"]
[White "Kapelan, Milorad"]
[Black "Rukavina, Josip"]
[Result "0-1"]
[WhiteElo "2305"]
[BlackElo "2510"]
[PlyCount "120"]
[Source "Perpetual Check"]

1. Nf3 d5 2. d4 c6 3. g3 Bf5 4. Bg2 Nd7 5. O-O e6 6. Nbd2 h6 7. c4 Ngf6 8. b3
Be7 9. Bb2 a5 10. a4 O-O 11. Qc1 Nb8 12. Ne5 Na6 13. Nd3 Qb6 14. Qc3 Rfd8 15.
c5 Qc7 16. Ba3 Bxd3 17. Qxd3 Bf8 18. Qc3 b6 19. cxb6 Qxb6 20. Bxf8 Rxf8 21.
Rac1 Rfc8 22. Qe3 Ra7 23. Qf4 Rac7 24. g4 c5 25. dxc5 Rxc5 26. Rxc5 Qxc5 27. h4
Qb4 28. Qxb4 Nxb4 29. g5 hxg5 30. hxg5 Nd7 31. e4 Rc3 32. exd5 exd5 33. Re1 Kf8
34. Bf1 Nc5 35. Bb5 Ne6 36. g6 Ke7 37. gxf7 Kxf7 38. Re3 Rxe3 39. fxe3 Nc5 40.
Kf2 Kf6 41. Bf1 Na2 42. Bg2 Ke6 43. Kg3 Nc1 44. e4 d4 45. Bf1 Kf6 46. Bc4 Na2
47. Kf4 g5+ 48. Kf3 Nd7 49. Ba6 Nb4 50. Bb5 Ne5+ 51. Kg3 d3 52. Kf2 g4 53. Kg3
Kg5 54. Bc4 Nc2 55. Bxd3 Nxd3 56. Nc4 Nc5 57. Nxa5 Nxe4+ 58. Kg2 Ne3+ 59. Kg1
Nd2 60. Nc6 Nf3+ 0-1

[Event "11th Boris Kostic mem"]
[Site "Vrsac"]
[EventDate "1985.09.23"]
[Date "1985.10.01"]
[Round "8"]
[White "Cebalo, Miso"]
[Black "Gurevich, Mikhail"]
[Result "0-1"]
[WhiteElo "2550"]
[BlackElo "2500"]
[PlyCount "82"]
[Source "Perpetual Check"]

1. d4 Nf6 2. c4 e6 3. Nc3 Bb4 4. e3 c5 5. Bd3 Nc6 6. Nge2 cxd4 7. exd4 d5 8.
O-O dxc4 9. Bxc4 O-O 10. Bg5 Be7 11. a3 a6 12. Qd3 b5 13. Bb3 Ne5 14. Qg3 Nc4
15. Bh6 Ne8 16. a4 Bd6 17. Qf3 Rb8 18. Bc1 Qh4 19. g3 Qh3 20. axb5 Bb7 21. d5
axb5 22. Nf4 Bxf4 23. Bxf4 Rd8 24. Ra7 Bxd5 25. Nxd5 Rxd5 26. Qe2 Nf6 27. Rc7
Rh5 28. f3 Nd5 29. Bxc4 Nxc7 30. Bd3 Nd5 31. Bd2 Nf6 32. Bc3 Rd5 33. Bxb5 Qf5
34. Bc4 Rd7 35. Be5 Rfd8 36. Bc3 Nd5 37. Be5 Nb6 38. g4 Qg5 39. Ba2 Rd2 40. Qe1
Rd1 41. Qc3 Na4 0-1

[Event "11th Boris Kostic mem"]
[Site "Vrsac"]
[EventDate "1985.09.23"]
[Date "1985.10.01"]
[Round "8"]
[White "Rukavina, Josip"]
[Black "Barlov, Dragan"]
[Result "1-0"]
[WhiteElo "2510"]
[BlackElo "2450"]
[PlyCount "109"]
[Source "Perpetual Check"]

1. Nf3 g6 2. d4 Bg7 3. e4 c5 4. c4 Qa5+ 5. Bd2 Qb6 6. Bc3 cxd4 7. Bxd4 Bxd4 8.
Qxd4 Qxd4 9. Nxd4 Nc6 10. Nb5 Kd8 11. N1c3 d6 12. O-O-O Bd7 13. b3 Nf6 14. Kb2
Rc8 15. Be2 a6 16. Nd4 Ke8 17. Nc2 g5 18. Ne3 Ne5 19. f3 Ng6 20. g3 h5 21. Ncd5
Nxd5 22. exd5 Kf8 23. Bd3 Kg7 24. Rde1 Rce8 25. Nf5+ Kf6 26. Nd4 e5 27. dxe6
fxe6 28. Be4 b5 29. cxb5 axb5 30. Bc6 Bxc6 31. Nxc6 Rh7 32. Nd4 Rb7 33. Rc1 Ne5
34. Rhd1 Nf7 35. Rc6 h4 36. Rd2 hxg3 37. hxg3 Rh8 38. a3 Rh1 39. Rc3 e5 40. Nc2
Ke6 41. g4 Kd7 42. Nb4 Rh6 43. Nd5 Nd8 44. Ne3 Nf7 45. Rdc2 Rh8 46. Nd5 Rh3 47.
Rd2 Rh8 48. Nf6+ Ke6 49. Ne4 Rb6 50. Rc7 Rhb8 51. Rh2 R8b7 52. Rc1 Ra7 53. Rh7
Rba6 54. Rc8 Re7 55. Rf8 1-0

[Event "11th Boris Kostic mem"]
[Site "Vrsac"]
[EventDate "1985.09.23"]
[Date "1985.10.01"]
[Round "8"]
[White "Drasko, Milan"]
[Black "Kapelan, Milorad"]
[Result "1-0"]
[WhiteElo "2485"]
[BlackElo "2305"]
[PlyCount "45"]
[Source "Perpetual Check"]

1. d4 d5 2. c4 e6 3. Nf3 Be7 4. Nc3 Nf6 5. Bg5 O-O 6. Qc2 Nbd7 7. Rd1 b6 8.
cxd5 exd5 9. e3 Bb7 10. Bd3 c5 11. O-O h6 12. Bf4 Nh5 13. Be5 Nxe5 14. dxe5 d4
15. Be4 Bxe4 16. Qxe4 f5 17. Qd5+ Kh7 18. exd4 Nf4 19. Qc4 Ng6 20. d5 Qb8 21.
d6 Nxe5 22. Nxe5 Bxd6 23. Nd7 1-0

[Event "11th Boris Kostic mem"]
[Site "Vrsac"]
[EventDate "1985.09.23"]
[Date "1985.10.01"]
[Round "8"]
[White "Martinovic, Slobodan"]
[Black "Cvitan, Ognjen"]
[Result "0-1"]
[WhiteElo "2460"]
[BlackElo "2450"]
[PlyCount "84"]
[Source "Perpetual Check"]

1. d4 Nf6 2. c4 g6 3. Nc3 Bg7 4. e4 d6 5. f3 O-O 6. Be3 b6 7. Bd3 a6 8. Nge2 c5
9. d5 e6 10. a4 Nbd7 11. O-O exd5 12. exd5 Ne5 13. Ng3 Re8 14. Re1 Ra7 15. Bf2
Rae7 16. Be2 h5 17. h3 Nh7 18. f4 Nd7 19. Bd3 Rxe1+ 20. Bxe1 Bd4+ 21. Kh2 Be3
22. Qf3 Ndf6 23. Nge4 Bd4 24. Bf2 Nxe4 25. Bxe4 Nf6 26. Bc2 Bxf2 27. Qxf2 Qe7
28. a5 bxa5 29. Rxa5 Kg7 30. Ra1 Qb7 31. b3 Qe7 32. Kg1 h4 33. f5 Qe3 34. Qxe3
Rxe3 35. Na4 Bxf5 36. Bxf5 gxf5 37. Nb6 Rxb3 38. Nc8 Ne4 39. Kf1 Rb8 40. Ne7
Kf6 41. Nc6 Rb2 42. Rxa6 Rf2+ 0-1

[Event "11th Boris Kostic mem"]
[Site "Vrsac"]
[EventDate "1985.09.23"]
[Date "1985.10.03"]
[Round "9"]
[White "Kapelan, Milorad"]
[Black "Martinovic, Slobodan"]
[Result "0-1"]
[WhiteElo "2305"]
[BlackElo "2460"]
[PlyCount "104"]
[Source "Perpetual Check"]

1. Nf3 Nf6 2. c4 g6 3. g3 Bg7 4. Bg2 O-O 5. O-O c6 6. d4 d6 7. Nc3 Qa5 8. h3 e5
9. e4 Be6 10. d5 cxd5 11. cxd5 Bd7 12. a3 Rc8 13. Bd2 Qd8 14. Qe2 a5 15. b4 Na6
16. Rab1 axb4 17. axb4 Ne8 18. Rfc1 h6 19. g4 f5 20. Nh2 Nf6 21. f3 f4 22. Be1
Nh7 23. Bf2 Bf6 24. Qe1 h5 25. Bf1 Ng5 26. Kg2 Kg7 27. h4 Nf7 28. Nb5 g5 29.
hxg5 Bxg5 30. gxh5 Qh8 31. Be2 Qxh5 32. Ng4 Rh8 33. Qh1 Qg6 34. Qg1 Bxg4 35.
fxg4 f3+ 36. Bxf3 Bxc1 37. Qxc1 Ng5 38. Nc7 Rac8 39. Qxg5 Qxg5 40. Ne6+ Kf6 41.
Nxg5 Kxg5 42. Be3+ Kg6 43. Rb3 Rc4 44. g5 Nxb4 45. Kg3 Nc2 46. Bd2 Rd4 47. Ba5
Ra4 48. Bd2 Nd4 49. Rd3 Rha8 50. Bg4 Ra3 51. Rxa3 Rxa3+ 52. Kh4 Nf3+ 0-1

[Event "11th Boris Kostic mem"]
[Site "Vrsac"]
[EventDate "1985.09.23"]
[Date "1985.10.03"]
[Round "9"]
[White "Morovic Fernandez, Ivan"]
[Black "Cebalo, Miso"]
[Result "1-0"]
[WhiteElo "2470"]
[BlackElo "2550"]
[PlyCount "80"]
[Source "Perpetual Check"]

1. e4 c5 2. Nf3 d6 3. d4 cxd4 4. Nxd4 Nf6 5. Nc3 e6 6. Be2 Be7 7. O-O Nc6 8.
Be3 Bd7 9. f4 Nxd4 10. Bxd4 Bc6 11. Bd3 O-O 12. Qe2 Qa5 13. a3 e5 14. Be3 a6
15. Kh1 Rae8 16. fxe5 Qxe5 17. Bf4 Qe6 18. Rad1 b5 19. Qf3 Qg4 20. Nd5 Qxf3 21.
Nxe7+ Rxe7 22. gxf3 Re6 23. c4 Nd7 24. cxb5 axb5 25. Rc1 Nb8 26. Bb1 h6 27.
Rfd1 Rd8 28. Bg3 Kf8 29. Kg2 Ke7 30. Ba2 Rf6 31. Rc3 Bd7 32. Rcd3 Bc6 33. e5
Rf5 34. exd6+ Kd7 35. Re1 Re8 36. Re7+ Kd8 37. Rde3 Bd7 38. Kf2 Rf8 39. Be5 Nc6
40. Bc3 g5 1-0

[Event "11th Boris Kostic mem"]
[Site "Vrsac"]
[EventDate "1985.09.23"]
[Date "1985.10.04"]
[Round "10"]
[White "Gavrikov, Viktor"]
[Black "Cebalo, Miso"]
[Result "1-0"]
[WhiteElo "2570"]
[BlackElo "2550"]
[PlyCount "77"]
[Source "Perpetual Check"]

1. d4 Nf6 2. c4 e6 3. Nf3 c5 4. d5 exd5 5. cxd5 d6 6. Nc3 g6 7. Bf4 a6 8. a4
Bg7 9. e4 Bg4 10. Be2 Bxf3 11. Bxf3 Qe7 12. O-O Nbd7 13. Re1 O-O 14. Qd2 Rab8
15. Be2 Ne8 16. Bg5 Bf6 17. h4 Qe5 18. Rad1 Nc7 19. Qc1 Bxg5 20. hxg5 Qg7 21.
f4 b5 22. Bg4 f5 23. gxf6 Nxf6 24. Bf3 Nd7 25. Bg4 Rbe8 26. e5 dxe5 27. d6 Ne6
28. Nd5 c4 29. axb5 axb5 30. Bxe6+ Rxe6 31. Nc7 Ref6 32. fxe5 Nxe5 33. Rxe5
Rxd6 34. Rxd6 Qxe5 35. Qd2 Qc5+ 36. Qd4 Rf5 37. Rd8+ Kf7 38. Rd7+ Kg8 39. Nxb5
1-0